Statistics for All Cookie Run Kingdom Characters

Click here to take the quiz!

General Stats

  • This quiz has been taken 195 times
    (168 since last reset)
  • The average score is 52 of 103

Answer Stats

Characters% Correct
Gingerbrave
88%
Strawberry Cookie
87%
Wizard Cookie
86%
Sea Fairy Cookie
81%
Hollyberry Cookie
80%
Pure Vanilla Cookie
80%
Muscle Cookie
78%
Black Pearl Cookie
77%
Moonlight Cookie
77%
Dark Cacao Cookie
76%
Frost Queen Cookie
74%
V Cookie
73%
Angel Cookie
70%
Ninja Cookie
68%
Oyster Cookie
67%
Beet Cookie
66%
Clotted Cream Cookie
64%
Sonic Cookie
64%
Devil Cookie
63%
Espresso Cookie
63%
Cherry Cookie
62%
Herb Cookie
62%
Knight Cookie
62%
Custard Cookie III
60%
Blackberry Cookie
59%
Carrot Cookie
59%
Dark Choco Cookie
59%
Latte Cookie
59%
Milk Cookie
59%
Princess Cookie
59%
Tails Cookie
59%
Avocado Cookie
57%
Licorice Cookie
56%
Mint Choco Cookie
56%
Vampire Cookie
56%
Almond Cookie
55%
Cotton Cookie
55%
Jung Kook Cookie
55%
Sparkling Cookie
55%
Adventurer Cookie
53%
Clover Cookie
53%
Onion Cookie
53%
Poison Mushroom Cookie
53%
Pomegranate Cookie
53%
Cream Puff Cookie
52%
Gumball Cookie
52%
Sherbet Cookie
52%
SUGA Cookie
52%
Caramel Arrow Cookie
51%
Cocoa Cookie
51%
Pancake Cookie
51%
Sorbet Shark Cookie
49%
Jimin Cookie
48%
Mango Cookie
48%
RM Cookie
48%
Squid Ink Cookie
48%
Alchemist Cookie
47%
Chili Pepper Cookie
47%
Cherry Blossom Cookie
46%
Eclair Cookie
46%
Wildberry Cookie
46%
Affogato Cookie
45%
Pitaya Dragon Cookie
45%
j-hope Cookie
44%
Lilac Cookie
44%
Madeleine Cookie
44%
Milky Way Cookie
44%
Parfait Cookie
44%
Red Velvet Cookie
44%
Strawberry Crepe Cookie
44%
Crunchy Chip Cookie
43%
Captain Caviar Cookie
42%
Cream Unicorn Cookie
42%
Jin Cookie
42%
Rye Cookie
42%
Purple Yam Cookie
41%
Mala Sauce Cookie
40%
Raspberry Cookie
40%
Werewolf Cookie
38%
Black Raisin Cookie
37%
Candy Diver Cookie
37%
Fig Cookie
37%
Pumpkin Pie Cookie
37%
Stardust Cookie
37%
Twizzly Gummy Cookie
36%
Snow Sugar Cookie
35%
Tea Knight Cookie
35%
Pastry Cookie
34%
Capsaicin Cookie
33%
Carol Cookie
33%
Kumiho Cookie
32%
Macaron Cookie
32%
Moon Rabbit Cookie
32%
Financier Cookie
31%
Blueberry Pie Cookie
30%
Prophet Cookie
30%
Tiger Lily Cookie
30%
Pinecone Cookie
29%
Space Doughnut
29%
Prune Juice Cookie
27%
Schwarzwälder
25%
Kouign-Amann Cookie
20%
Royal Margarine Cookie
16%

Score Distribution

Percentile by Number Answered

Percent of People with Each Score

Your Score History

You have not taken this quiz since the last reset